| 000 | 00372nam a2200145Ia 4500 | ||
|---|---|---|---|
| 008 | 230917s9999||||xx |||||||||||||| ||und|| | ||
| 040 |
_e195253 _aMAIN |
||
| 041 | _aEnglish | ||
| 082 | _a158.1 K18O | ||
| 100 | _aKay, John | ||
| 245 | 0 | _aObliquity: Why our goals are best achieved indirectly | |
| 260 |
_aLondon _bProfile Books _c2010 |
||
| 300 | _a209 p. | ||
| 942 | _cBK | ||
| 999 |
_c163758 _d163758 |
||